000 00831nam a2200253Ia 4500
003 OSt
005 20220926032301.0
006 a|||||r|||| 00| 0
007 ta
008 220923b |||||||| |||| 00| 0 eng d
020 _a9780566088117
_c4832.5900000000001
037 _bBBS/179, 22/03/2012, Better Book Service
_cGeneral Book
040 _aRTL
_cRTL
_beng
041 _2eng
_aeng
082 _aX:8, Q1
100 _aJones Phil
_931366
245 0 _aStrategy mapping for learning organizations
_b Building agility into your balanced scorecard
260 _aSurrey
_bGower Publishing
_c2011
300 _axviii, 317p
_ccm.
500 _aBibliography: P 305-07
650 _aCommerce
942 _hX:8, Q1
_cGB
_2CC
999 _c654339
_d654339